000 00901nac a22002897a 4500
001 BR0100328
003 BR-BrBNA
005 20240105122502.0
008 230509b bl.|||m| |||| 00| 0 por d
040 _aBR-BrBNA
_bpor
_cBiblioteca Nacional de Agricultura
072 _aF06
090 _a0150 BR0100328
100 1 _aStone, L.F.
100 1 _aSilveira, P.M. da
100 1 _aMoreira, J.A.A.
100 1 _aYokoyama, L.P.
110 1 _aEMBRAPA Arroz e Feijao, Goiania, GO (Brasil)
_93568
245 1 _aAdubacao nitrogenada em arroz sob irrigacao suplementar por aspersao
260 3 _aGoiania, GO (Brasil):
_c1997.
300 _a2 p.
490 _aPesquisa em Foco - EMBRAPA Arroz e Feijao (Brazil)
_vno. 1
_x
650 _aArroz
650 _aIrrigacao por Aspersao
650 _aFertilizante Nitrogenado
909 _a202312
_bLúcia Elande
_c55
_dLúcia Elande
942 _2AGRIS
_n0
_cMS
999 _c291281
_d291281